Les 10 villes du Royaume-Uni les plus peuplées commençant par E - Statistiques

Statistiques générales
  • Ce quiz a été pris 16 fois
  • Le résultat moyen est 1 sur 10
Statistiques - réponses
# Ville Population % Correct
1 Edimbourg 464.990
88%
3 Exeter 117.763
44%
2 Eastbourne 118.219
13%
5 East Kilbride 74.740
0%
7 Eastleigh 54.225
0%
10 Eccles 37.275
0%
6 Ellesmere Port 67.768
0%
4 Enfield Town 103.970
0%
8 Esher 52.392
0%
9 Ewell 39.994
0%
Aucun quiz correspondant
Distribution des résultats
% des personnes avec chaque résultat
Percentile par nombre de réponses
Votre historique - résultats
Vous n’avez pas pris ce quiz